Ungarn (1907.)
Elmentve itt :
| Szerző: | |
|---|---|
| Dokumentumtípus: | Cikk |
| Sorozat: | Kolligátum
|
| Kulcsszavak: | Magyarország története |
| Online Access: | http://misc.bibl.u-szeged.hu/24319 |
| LEADER | 00497nab a2200157 i 4500 | ||
|---|---|---|---|
| 001 | misc24319 | ||
| 005 | 20191108150537.0 | ||
| 008 | 170731suuuu hu o 0|| zxx d | ||
| 040 | |a SZTE Miscellanea Repozitórium |b hun | ||
| 041 | |a zxx | ||
| 100 | 1 | |a Mangold Lajos | |
| 245 | 1 | 0 | |a Ungarn (1907.) |h [elektronikus dokumentum] / |c Mangold Lajos |
| 300 | |a 317-399 | ||
| 490 | 0 | |a Kolligátum | |
| 695 | |a Magyarország története | ||
| 856 | 4 | 0 | |u http://misc.bibl.u-szeged.hu/24319/1/011_011_317-399.pdf |z Dokumentum-elérés |